00557nam a2200169Ia 4500008004100000020001500041041001200056082001600068100001500084245003700099260003100136300000800167650001900175942000700194999001500201952017100216221030s9999 xx 000 0 und d a8170081696 aEnglish a105.23bBal aN. P. Bali 0aIntegral Calculuscby N. P. Bali bLaxmi PubaNew Delhic2004 a731 aBE Mathematics cBK c4382d4382 pBE 7619g175.00l0o105.23 Balr2024-06-13 00:00:00w2022-10-30yBK003Print4070aMIETLIBbMIETLIBcBL-Academic Block- A, FL-1, CUP-6, SH-2, R-2d2005-02-1710HBE